00330 2200145 4500001002100000005001500021035002000036245004000056100001200096300001100108260003100119082000800150084001400158990001200172INLIS00000000000202920250527085943 a0010-05250003211 aBerpikir Cepat Keputusan /cRos Jay0 aRos Jay a94 hlm ajakarta :bErlangga,c2005 a300 a300 ROS b a0713105